| 000 | 00946cam a22003017a 4500 | ||
|---|---|---|---|
| 003 | CHAP | ||
| 005 | 20220329140528.0 | ||
| 008 | 971013s1975 r 00010 d | ||
| 010 | _a53383 | ||
| 011 | _a54355 | ||
| 035 | _a58506 | ||
| 040 | _cCHAP | ||
| 082 |
_a574 _bW45Y 1971 |
||
| 100 | 0 | 0 |
_aWeisz, Paul B. _9121404 |
| 245 | 1 | 3 | _aLa ciencia de la biología |
| 260 |
_aBarcelona : _bOmega, _c1975 |
||
| 300 |
_a668 p. _b: ilus. ; gráfs. |
||
| 500 | _aTrad. de la 4 ed. en inglés de 1971 | ||
| 590 |
_aBATCH-UPD _b10 _c20130110 _lUCH01 _h0759 |
||
| 590 |
_aBATCH-UPD _b10 _c20130410 _lUCH01 _h0438 |
||
| 590 |
_aBATCH-UPD _b10 _c20130914 _lUCH01 _h0634 |
||
| 590 |
_aCONVERSION _b10 _c20130109 _lUCH01 _h1329 |
||
| 650 | 1 | 4 |
_aBiología. _912773 |
| 901 | _aBK | ||
| 942 | _cLIBRO | ||
| 949 |
_a574 W45Y 1971 _bBC _cLIBRO _d33724000458915 _eLIBRO _fc.2 _h58389 _i58506 _si |
||
| 949 |
_a574 W45Y 1971 _bBC _cLIBRO _d33724000889481 _eLIBRO _h48526 _i58506 _si |
||
| 999 |
_c53383 _d53383 |
||